[Event "POL-chT 1st League"]
[Site "Darlowo"]
[Date "2024.09.21"]
[Round "8.22"]
[White "Krasiewicz, Robert"]
[Black "Bajerlein, Dawid"]
[Result "0-1"]
[WhiteElo "2004"]
[BlackElo "1960"]
[PlyCount "110"]
[EventDate "2024.09.14"]
[EventType "team-swiss"]
[EventRounds "9"]
[EventCountry "POL"]
[SourceTitle "EXT 2025"]
[Source "ChessBase"]
[SourceDate "2024.10.14"]
[SourceVersion "1"]
[SourceVersionDate "2024.10.14"]
[SourceQuality "1"]

1. c4 Nf6 2. g3 g6 3. Bg2 Bg7 4. Nc3 0-0 5. e4 d6 6. Nge2 c5 7. 0-0 Nc6 8. d3 a6 9. h3 Rb8 10. a4 Nd4 11. Nxd4 cxd4 12. Ne2 e5 13. f4 b5 14. cxb5 axb5 15. a5 b4 16. Bd2 Nd7 17. a6 Qb6 18. a7 Ra8 19. Qa4 b3 20. Bb4 Rxa7 21. Qxa7 Qxb4 22. Qa5 Qxa5 23. Rxa5 Nc5 24. Nc1 Ba6 25. Rd1 Rb8 26. Kf2 Bf6 27. Bf3 Bd8 28. Ra3 Kg7 29. Rd2 Rb5 30. Bd1 Ba5 31. Re2 Bb4 32. Rxa6 Nxa6 33. Bxb3 Nc5 34. Bc4 Rb7 35. Rc2 f5 36. fxe5 dxe5 37. Bd5 Rb6 38. Ke2 fxe4 39. Bxe4 Ne6 40. Bd5 Kf6 41. Na2 Bf8 42. b4 Bd6 43. Kf3 Ng5+ 44. Kg4 h5+ 45. Kh4 e4 46. Rf2+ Nf3+ 47. Rxf3+ exf3 48. Bxf3 Bxb4 49. Nxb4 Rxb4 50. g4 g5+ 51. Kg3 h4+ 52. Kf2 Ke5 53. Be2 Kf4 54. Bf1 Rb2+ 55. Be2 Ra2 0-1

[Event "POL-chT 1st League"]
[Site "Darlowo"]
[Date "2024.09.19"]
[Round "6.16"]
[White "Krasiewicz, Robert"]
[Black "Sygulski, Piotr"]
[Result "0-1"]
[WhiteElo "2004"]
[BlackElo "2129"]
[PlyCount "104"]
[EventDate "2024.09.14"]
[EventType "team-swiss"]
[EventRounds "9"]
[EventCountry "POL"]
[SourceTitle "EXT 2025"]
[Source "ChessBase"]
[SourceDate "2024.10.14"]
[SourceVersion "1"]
[SourceVersionDate "2024.10.14"]
[SourceQuality "1"]

1. c4 Nf6 2. g3 e5 3. Bg2 c6 4. d4 exd4 5. Qxd4 d5 6. Nc3 Be6 7. cxd5 cxd5 8. Nf3 Nc6 9. Qa4 Bc5 10. 0-0 0-0 11. Bg5 h6 12. Bxf6 Qxf6 13. Rac1 Rfd8 14. Rfd1 Bb6 15. Rd2 Ne5 16. Rcd1 Nc4 17. Nxd5 Rxd5 18. Rxd5 Nxb2 19. Qe4 Nxd1 20. Rxd1 Rd8 21. Rxd8+ Qxd8 22. Qc2 Qf6 23. Qb1 Qc3 24. e3 Qa3 25. Nd4 Qxa2 26. Qxa2 Bxa2 27. Bxb7 Bxd4 28. exd4 Bc4 29. Bc6 Kf8 30. f4 Bb3 31. Kf2 a5 32. Ke3 a4 33. Kd2 a3 34. Kc3 a2 35. Kb2 Ke7 36. Bb7 Kd6 37. Be4 Bd5 38. Bd3 Kc7 39. Be2 Kb6 40. Bd3 Ka5 41. g4 Kb4 42. g5 a1Q+ 43. Kxa1 Kc3 44. Bh7 Kxd4 45. h4 h5 46. Kb2 Ke3 47. Bg8 Ke4 48. Kc3 g6 49. Kb4 Kxf4 50. Kc5 Ba2 51. Kd6 Kg4 52. Ke7 Kxh4 0-1

[Event "POL-chT 1st League"]
[Site "Darlowo"]
[Date "2024.09.18"]
[Round "5.28"]
[White "Babiarz, Arkadiusz"]
[Black "Krasiewicz, Robert"]
[Result "1/2-1/2"]
[WhiteElo "2187"]
[BlackElo "2004"]
[PlyCount "142"]
[EventDate "2024.09.14"]
[EventType "team-swiss"]
[EventRounds "9"]
[EventCountry "POL"]
[SourceTitle "EXT 2025"]
[Source "ChessBase"]
[SourceDate "2024.10.14"]
[SourceVersion "1"]
[SourceVersionDate "2024.10.14"]
[SourceQuality "1"]

1. e4 g6 2. d4 Bg7 3. Nc3 d6 4. Be3 a6 5. h4 h5 6. Nh3 Bxh3 7. Rxh3 Nf6 8. f3 Nc6 9. Qd2 e5 10. d5 Ne7 11. Be2 Qd7 12. 0-0-0 b5 13. a3 0-0 14. Bh6 Rfd8 15. Bxg7 Kxg7 16. f4 exf4 17. Qxf4 Neg8 18. e5 dxe5 19. Qxe5 Qd6 20. Qg5 Re8 21. Rhd3 Re5 22. Qd2 Nh6 23. Rd4 Rae8 24. Rf4 Nfg4 25. Bxg4 Nxg4 26. Qd4 Ne3 27. Rd2 Nf5 28. Qf2 R8e7 29. Kb1 Ne3 30. Qf3 f5 31. Rfd4 Qc5 32. R4d3 Nc4 33. Rd1 a5 34. Qf4 b4 35. Na4 Qb5 36. axb4 Re4 37. Nc3 Qxb4 38. Qc1 Rxh4 39. d6 cxd6 40. Nd5 Qb7 41. Nxe7 Qxe7 42. b3 Qb7 43. Ka2 Ne5 44. Rxd6 a4 45. Qb2 axb3+ 46. cxb3 Qa8+ 47. Kb1 Qe4+ 48. Ka1 Qa8+ 49. Qa2 Qxa2+ 50. Kxa2 Rh2 51. R1d2 f4 52. Rb2 g5 53. Re6 Nd3 54. Rb1 Rxg2+ 55. Ka3 g4 56. Rd6 Ne5 57. Rc1 f3 58. Rc7+ Nf7 59. Rdd7 f2 60. Rxf7+ Kg6 61. Rf8 g3 62. Rc6+ Kg5 63. Rc5+ Kg4 64. Rg8+ Kf4 65. Rf8+ Ke3 66. Re5+ Kd4 67. Re7 Rg1 68. Kb4 Kd5 69. Rf5+ Kd6 70. Ref7 Re1 71. Rxf2 Ke5 1/2-1/2

[Event "Warsaw Najdorf Memorial op-A"]
[Site "Warsaw"]
[Date "2024.07.13"]
[Round "5"]
[White "Krasiewicz, Robert"]
[Black "Harazinska, Magdalena"]
[Result "1-0"]
[WhiteElo "2004"]
[BlackElo "1969"]
[PlyCount "75"]
[EventDate "2024.07.09"]
[EventType "swiss"]
[EventRounds "9"]
[EventCountry "POL"]
[SourceTitle "EXT 2025"]
[Source "ChessBase"]
[SourceDate "2024.10.14"]
[SourceVersion "1"]
[SourceVersionDate "2024.10.14"]
[SourceQuality "1"]

1. c4 c5 2. Nf3 Nc6 3. g3 g6 4. Bg2 Bg7 5. Nc3 e6 6. 0-0 Nge7 7. d3 0-0 8. Bd2 b6 9. a3 Bb7 10. Rb1 d5 11. cxd5 exd5 12. b4 cxb4 13. axb4 d4 14. Ne4 Nd5 15. Qb3 h6 16. Bxh6 Ndxb4 17. Bg5 Qd7 18. Nfd2 a5 19. Nc4 Ra6 20. Ncd6 Ba8 21. f4 Qe6 22. Qxe6 fxe6 23. Bh3 e5 24. Be6+ Kh7 25. f5 Nd8 26. fxg6+ Kxg6 27. Bf5+ Rxf5 28. Nxf5 Bxe4 29. dxe4 Kxg5 30. Nxg7 Kg6 31. Ne8 b5 32. Nc7 Rb6 33. Rf8 Ndc6 34. Rbf1 Ne7 35. R1f7 a4 36. Rxe7 a3 37. Ra8 a2 38. Re6+ 1-0

[Event "Warsaw Najdorf Memorial op-A"]
[Site "Warsaw"]
[Date "2024.07.11"]
[Round "3"]
[White "Krasiewicz, Robert"]
[Black "Sidorczuk, Pawel"]
[Result "0-1"]
[WhiteElo "2004"]
[BlackElo "2096"]
[PlyCount "90"]
[EventDate "2024.07.09"]
[EventType "swiss"]
[EventRounds "9"]
[EventCountry "POL"]
[SourceTitle "EXT 2025"]
[Source "ChessBase"]
[SourceDate "2024.10.14"]
[SourceVersion "1"]
[SourceVersionDate "2024.10.14"]
[SourceQuality "1"]

1. c4 c6 2. Nf3 d5 3. b3 Nf6 4. Bb2 g6 5. cxd5 cxd5 6. Bxf6 exf6 7. g3 Bg7 8. d4 0-0 9. Bg2 f5 10. Nc3 Nc6 11. 0-0 b6 12. Nxd5 Bb7 13. Rc1 Qxd5 14. Ne5 Qxg2+ 15. Kxg2 Nxe5+ 16. Kg1 Rad8 17. Rc7 Ba8 18. Rxa7 Rxd4 19. Qc1 Re4 20. e3 Nf3+ 21. Kg2 Ng5 22. f3 Re5 23. Qa3 Bc6 24. h4 Nxf3 25. Rc1 Nd4+ 26. Rxc6 Nxc6 27. Ra8 Na5 28. Ra6 Rxe3 29. Qb4 Nc6 30. Qxb6 Nd4 31. Qb7 Be5 32. Qd5 Rxg3+ 33. Kf2 Rf3+ 34. Kg2 Re3 35. h5 Ne6 36. Kf2 Re4 37. hxg6 hxg6 38. a4 Bd4+ 39. Kf1 Nf4 40. Qb7 Rfe8 41. Qb4 Nd3 42. Qc4 Re1+ 43. Kg2 Rg1+ 44. Kh3 Nf4+ 45. Kh4 Bf2# 0-1

[Event "Warsaw Najdorf Memorial op-A"]
[Site "Warsaw"]
[Date "2024.07.10"]
[Round "2"]
[White "Alvarado, Carlos"]
[Black "Krasiewicz, Robert"]
[Result "1/2-1/2"]
[WhiteElo "2108"]
[BlackElo "2004"]
[PlyCount "96"]
[EventDate "2024.07.09"]
[EventType "swiss"]
[EventRounds "9"]
[EventCountry "POL"]
[SourceTitle "EXT 2025"]
[Source "ChessBase"]
[SourceDate "2024.10.14"]
[SourceVersion "1"]
[SourceVersionDate "2024.10.14"]
[SourceQuality "1"]

1. Nf3 d5 2. b3 Nf6 3. Bb2 e6 4. c4 Be7 5. e3 c5 6. d4 0-0 7. Nc3 cxd4 8. exd4 b6 9. Be2 Bb7 10. 0-0 Nc6 11. a3 Rc8 12. Ne5 dxc4 13. Nxc6 Bxc6 14. bxc4 Qd7 15. Qd3 Rfd8 16. Rfd1 Qb7 17. Qh3 Rd7 18. Bd3 g6 19. Bf1 Rcd8 20. Qe3 Bd6 21. h3 Bf8 22. d5 exd5 23. Nxd5 Nxd5 24. cxd5 Bxd5 25. Qc3 f6 26. Rxd5 Rxd5 27. Bc4 Be7 28. Qe3 Kg7 29. Bxd5 Rxd5 30. Re1 Bc5 31. Qf3 Qf7 32. Re2 Rd1+ 33. Kh2 Rd6 34. g4 h6 35. h4 Bd4 36. Bc1 Be5+ 37. Kh3 Qd7 38. Re4 Rd1 39. Be3 Qd3 40. Qg2 Qb1 41. f4 Bd6 42. Rc4 Qd3 43. Qb7+ Kg8 44. Rc8+ Bf8 45. Qe7 Qf1+ 46. Kg3 Qe1+ 47. Kh3 Qh1+ 48. Kg3 Qe1+ 1/2-1/2

[Event "Ustron op-B"]
[Site "Ustron"]
[Date "2022.08.19"]
[Round "8"]
[White "Krasiewicz, Robert"]
[Black "Hadrys, Bogdan"]
[Result "1-0"]
[WhiteElo "1947"]
[BlackElo "1985"]
[PlyCount "63"]
[EventDate "2022.08.12"]
[EventType "swiss"]
[EventRounds "9"]
[EventCountry "POL"]
[SourceTitle "CBM 209 Extra"]
[Source "ChessBase"]
[SourceDate "2022.09.30"]
[SourceVersion "1"]
[SourceVersionDate "2022.09.30"]
[SourceQuality "1"]

1. g3 Nf6 2. Bg2 g6 3. e4 d6 4. Ne2 Bg7 5. c4 c5 6. Nbc3 0-0 7. 0-0 Nc6 8. d3 Ne8 9. Be3 Nd4 10. Rb1 Qd7 11. h3 Nc7 12. f4 e6 13. b4 f5 14. Qd2 Rd8 15. Rfd1 Rb8 16. b5 b6 17. Bf2 Bb7 18. a4 Nxe2+ 19. Nxe2 d5 20. cxd5 exd5 21. exf5 gxf5 22. d4 c4 23. Kh2 Ne8 24. Nc3 Nf6 25. Be3 Re8 26. Rg1 Re6 27. Rbe1 Rbe8 28. Re2 Bf8 29. Nd1 Qe7 30. Qc2 Bc8 31. Qxf5 Rxe3 32. Qg5+ 1-0

[Event "POL-chT 2nd League"]
[Site "Sypniewo"]
[Date "2021.09.12"]
[Round "9.5"]
[White "Warszawski, Bartosz"]
[Black "Krasiewicz, Robert"]
[Result "1/2-1/2"]
[WhiteElo "2169"]
[BlackElo "2050"]
[PlyCount "34"]
[EventDate "2021.09.04"]
[EventType "team-swiss"]
[EventRounds "9"]
[EventCountry "POL"]
[SourceTitle "CBM 204 Extra"]
[Source "ChessBase"]
[SourceDate "2021.11.30"]
[SourceVersion "1"]
[SourceVersionDate "2021.11.30"]
[SourceQuality "1"]
[WhiteTeam "Warszawa YMCA"]
[BlackTeam "Zielonka Zieloni"]
[WhiteTeamCountry "POL"]
[BlackTeamCountry "POL"]

1. e4 e6 2. d4 d5 3. Nc3 Nf6 4. Bg5 Bb4 5. e5 h6 6. Be3 Ne4 7. a3 Bxc3+ 8. bxc3 c5 9. Bd3 Qa5 10. Ne2 cxd4 11. Bxd4 Nc6 12. 0-0 b6 13. Bxe4 dxe4 14. Ng3 Nxd4 15. Qxd4 Bb7 16. Nxe4 Bxe4 17. Qxe4 0-0 1/2-1/2

[Event "POL-chT 2nd League"]
[Site "Sypniewo"]
[Date "2021.09.07"]
[Round "4.9"]
[White "Krasiewicz, Robert"]
[Black "Zareba, Radoslaw"]
[Result "0-1"]
[WhiteElo "2050"]
[BlackElo "2102"]
[PlyCount "188"]
[EventDate "2021.09.04"]
[EventType "team-swiss"]
[EventRounds "9"]
[EventCountry "POL"]
[SourceTitle "CBM 204 Extra"]
[Source "ChessBase"]
[SourceDate "2021.11.30"]
[SourceVersion "1"]
[SourceVersionDate "2021.11.30"]
[SourceQuality "1"]
[WhiteTeam "Zielonka Zieloni"]
[BlackTeam "Wisznia Mala Bialy Krol II"]
[WhiteTeamCountry "POL"]
[BlackTeamCountry "POL"]

1. c4 b6 2. Nf3 Bb7 3. e3 e6 4. b3 Nf6 5. Bb2 Be7 6. d4 0-0 7. Bd3 d5 8. 0-0 c5 9. Nc3 dxc4 10. bxc4 cxd4 11. exd4 Nc6 12. Qd2 Rc8 13. Rac1 Nb4 14. Be2 Bxf3 15. gxf3 Qd7 16. Rfd1 Rfd8 17. Qe3 Qc7 18. a3 Nc6 19. d5 Bc5 20. Qg5 Nd4 21. Rxd4 Bxd4 22. Nb5 Qe5 23. Qxe5 Bxe5 24. Bxe5 exd5 25. Nxa7 Ra8 26. Nc6 Re8 27. f4 Rxa3 28. cxd5 Nxd5 29. Bc4 Nf6 30. Bd6 Raa8 31. Ne5 Ra7 32. Rb1 Rb7 33. f3 Rd8 34. Nxf7 Rxf7 35. Rxb6 h6 36. Be7 Rd1+ 37. Kf2 Nd5 38. Rb8+ Kh7 39. Rd8 Rxe7 40. Bxd5 Rd2+ 41. Kg3 Ree2 42. Be4+ g6 43. Rxd2 Rxd2 44. f5 gxf5 45. Bxf5+ Kg7 46. Be4 Kf6 47. h3 Ke5 48. Kg4 Rd6 49. h4 Kf6 50. h5 Ke5 51. Bg6 Rd4+ 52. Be4 Kf6 53. Kf4 Rb4 54. Kg4 Rb2 55. Kf4 Rh2 56. Bg6 Rh4+ 57. Kg3 Kg5 58. Be8 Rh1 59. Bg6 Kf6 60. Kf4 Ra1 61. Be4 Ra5 62. Bg6 Ra4+ 63. Be4 Rb4 64. Kg4 Ke5 65. Kg3 Rb8 66. Bg6 Kd4 67. Kf4 Rf8+ 68. Kg4 Ke3 69. Be4 Rf4+ 70. Kg3 Rf8 71. Kg4 Rg8+ 72. Bg6 Rf8 73. Be4 Rf6 74. Kg3 Rf7 75. Kg4 Rf8 76. Kg3 Rc8 77. Bg6 Rc1 78. Kg2 Kf4 79. Be4 Ra1 80. Bd5 Rb1 81. Be4 Rb5 82. Bg6 Rb2+ 83. Kh3 Kxf3 84. Bf7 Rb1 85. Kh2 Kg4 86. Bg6 Rb2+ 87. Kg1 Kf3 88. Bf5 Rg2+ 89. Kf1 Rh2 90. Kg1 Rxh5 91. Bd7 Kg3 92. Kf1 Rd5 93. Ba4 Rf5+ 94. Ke1 h5 0-1

[Event "Warsaw Najdorf Memorial op-A 17th"]
[Site "Warsaw"]
[Date "2019.07.14"]
[Round "9"]
[White "Krasiewicz, Robert"]
[Black "Szustakowski, Antoni"]
[Result "0-1"]
[WhiteElo "2017"]
[BlackElo "2279"]
[PlyCount "80"]
[EventDate "2019.07.06"]
[EventType "swiss"]
[EventRounds "9"]
[EventCountry "POL"]
[SourceTitle "CBM 191 Extra"]
[Source "ChessBase"]
[SourceDate "2019.09.30"]
[SourceVersion "1"]
[SourceVersionDate "2019.09.30"]
[SourceQuality "1"]

1. d4 Nf6 2. Nf3 e6 3. c4 d5 4. e3 a6 5. Nbd2 Nbd7 6. b3 Be7 7. Bd3 0-0 8. 0-0 dxc4 9. bxc4 c5 10. Qe2 cxd4 11. exd4 b6 12. Re1 Re8 13. Bb2 Bb7 14. Ng5 Nf8 15. h4 Qc7 16. g3 Rad8 17. Rac1 h6 18. Nge4 Nxe4 19. Bxe4 Bf6 20. Qe3 Bc8 21. Nf3 Nd7 22. g4 Be7 23. g5 hxg5 24. hxg5 Bd6 25. g6 f5 26. Ng5 Nf8 27. Qh3 Qe7 28. Nf7 Nxg6 29. Nxd8 Nf4 30. Qh1 fxe4 31. Rxe4 Qxd8 32. c5 Qg5+ 33. Kf1 Bd7 34. Re3 Bb5+ 35. Ke1 Ng2+ 36. Kd2 Bf4 37. Rcc3 bxc5 38. Rxc5 Bxe3+ 39. fxe3 Qxe3+ 40. Kc2 Ne1+ 0-1

[Event "Warsaw Najdorf Memorial op-A 17th"]
[Site "Warsaw"]
[Date "2019.07.12"]
[Round "7"]
[White "Zochowski, Kacper"]
[Black "Krasiewicz, Robert"]
[Result "1-0"]
[WhiteElo "2251"]
[BlackElo "2017"]
[PlyCount "63"]
[EventDate "2019.07.06"]
[EventType "swiss"]
[EventRounds "9"]
[EventCountry "POL"]
[SourceTitle "CBM 191 Extra"]
[Source "ChessBase"]
[SourceDate "2019.09.30"]
[SourceVersion "1"]
[SourceVersionDate "2019.09.30"]
[SourceQuality "1"]

1. Nf3 Nf6 2. c4 e6 3. g3 d5 4. Bg2 c5 5. cxd5 exd5 6. 0-0 Nc6 7. d4 Be7 8. dxc5 Bxc5 9. a3 a6 10. b4 Be7 11. Bb2 0-0 12. Nc3 Bg4 13. Re1 Qd7 14. Na4 Rad8 15. Rc1 Ne4 16. Nd4 Bg5 17. f4 Nxd4 18. Bxd4 Bf6 19. Bxf6 Nxf6 20. Nc5 Qe7 21. Qd4 Rfe8 22. Nd3 Qe3+ 23. Qxe3 Rxe3 24. Ne5 Be6 25. a4 Rb3 26. Rb1 Rxb1 27. Rxb1 Rc8 28. a5 Bf5 29. Rd1 Be4 30. Bxe4 dxe4 31. Nd7 Rc4 32. Nb6 1-0

[Event "Warsaw Najdorf Memorial op-A 17th"]
[Site "Warsaw"]
[Date "2019.07.11"]
[Round "6"]
[White "Krasiewicz, Robert"]
[Black "Fus, Jakub"]
[Result "0-1"]
[WhiteElo "2017"]
[BlackElo "2341"]
[PlyCount "76"]
[EventDate "2019.07.06"]
[EventType "swiss"]
[EventRounds "9"]
[EventCountry "POL"]
[SourceTitle "CBM 191 Extra"]
[Source "ChessBase"]
[SourceDate "2019.09.30"]
[SourceVersion "1"]
[SourceVersionDate "2019.09.30"]
[SourceQuality "1"]

1. c4 Nf6 2. g3 e6 3. Bg2 d5 4. Nf3 dxc4 5. Qa4+ c6 6. Qxc4 b5 7. Qb3 Bb7 8. d4 Nbd7 9. a4 a6 10. 0-0 Be7 11. Rd1 0-0 12. e3 Qb6 13. Nc3 b4 14. a5 Qc7 15. Ne2 c5 16. dxc5 Rab8 17. Nfd4 Nxc5 18. Qc4 Bxg2 19. Kxg2 Qb7+ 20. f3 Rfc8 21. Bd2 e5 22. Nf5 e4 23. f4 Bf8 24. h3 Nd3 25. Qb3 Qd5 26. Qxd5 Nxd5 27. b3 Nc3 28. Bxc3 bxc3 29. Nfd4 Bc5 30. Nc1 Bxd4 31. exd4 c2 32. Rd2 Rc3 33. Kf1 f5 34. Ke2 Kf7 35. Kf1 Rbc8 36. Rh2 Ke6 37. Ke2 Nxc1+ 38. Rxc1 Rxb3 0-1